स्त्रीत्व : (Record no. 120497)

MARC details
000 -LEADER
fixed length control field 01351nam a22002657a 4500
005 - DATE AND TIME OF LATEST TRANSACTION
control field 20170124103159.0
010 ## - LIBRARY OF CONGRESS CONTROL NUMBER
LC control number B-155095
020 ## - INTERNATIONAL STANDARD BOOK NUMBER
Terms of availability 00.00
International Standard Book Number 817124372
035 ## - SYSTEM CONTROL NUMBER
System control number B-155095
037 ## - SOURCE OF ACQUISITION
Source of stock number/acquisition Cen Lib/Ret
040 ## - CATALOGING SOURCE
Original cataloging agency DPL
Language of cataloging HN
082 ## - DEWEY DECIMAL CLASSIFICATION NUMBER
Classification number 305.4
Item number केडिया
100 ## - MAIN ENTRY--PERSONAL NAME
Personal name केडिया, कुसुमलता
9 (RLIN) 90728
245 ## - TITLE STATEMENT
Title स्त्रीत्व :
Statement of responsibility, etc कुसुमलता केडिया [और] रामेश्वरप्रसाद मिश्र
Remainder of title धारणाएं एवं यथार्थ /
246 ## - VARYING FORM OF TITLE
Title proper/short title Strittva : dharnayen evam yathartha /
Remainder of title by Kusumlata Kedia [aur] Rameshwar Prasad Mishra
260 ## - PUBLICATION, DISTRIBUTION, ETC. (IMPRINT)
Place of publication, distribution, etc वाराणसी
Name of publisher, distributor, etc विश्वविद्यालय प्रकाशन
Date of publication, distribution, etc 2004
270 ## - ADDRESS
Address चौक
City वाराणसी
Postal code 221001
300 ## - PHYSICAL DESCRIPTION
Extent 170पृ. :
Dimensions 21सेमी (सजिल्द)
650 ## - SUBJECT ADDED ENTRY--TOPICAL TERM
Topical term or geographic name as entry element स्त्री की दशा -- हिन्दू सभ्यता
9 (RLIN) 90729
650 ## - SUBJECT ADDED ENTRY--TOPICAL TERM
Topical term or geographic name as entry element भारतीय स्त्री की आत्मछवि
9 (RLIN) 90730
650 ## - SUBJECT ADDED ENTRY--TOPICAL TERM
Topical term or geographic name as entry element The woman's condition -- Hindu Civilization
9 (RLIN) 90731
650 ## - SUBJECT ADDED ENTRY--TOPICAL TERM
Topical term or geographic name as entry element Indian woman's self-image
9 (RLIN) 90732
700 ## - ADDED ENTRY--PERSONAL NAME
Personal name मिश्र, रामेश्वरप्रसाद
9 (RLIN) 45068
942 ## - ADDED ENTRY ELEMENTS (KOHA)
Source of classification or shelving scheme Dewey Decimal Classification
Koha item type Hindi Books
Classification part 305.4
Call number suffix केडिया
Holdings
Withdrawn status Lost status Damaged status Not for loan Home library Current library Date acquired Source of acquisition Cost, normal purchase price Total Checkouts Full call number Barcode Date last seen Copy number Cost, replacement price Price effective from Koha item type
        Central Library Central Library 23/09/2015 Cen Lib/Ret 0.00   305.4 केडिया B-155095 23/09/2015 1 0.00 23/09/2015 Hindi Books

© Delhi Public Library
Hit Counter
free hit counter